| 000 | 00621nam a22002297a 4500 | ||
|---|---|---|---|
| 001 | 8791 | ||
| 003 | FISKH | ||
| 005 | 20251021094843.0 | ||
| 008 | 251021b cb ||||| |||| 00| 0 eng d | ||
| 020 | _a9780755408368 | ||
| 040 |
_aFISKH _beng _cFISKH _dFISKH |
||
| 082 | _a595.79 | ||
| 100 | _aAnonymous | ||
| 245 | _aThe Pony and the Bumblebee / | ||
| 260 |
_aUnited Kingdom, _bNorth Parade, _c2010. |
||
| 300 |
_a12 unnumbered pages : c _bolor illustrations ; _c13 cm |
||
| 490 | _aAnimal Friends | ||
| 505 | _aNP | ||
| 520 | _aThis one is about a pony and a bumblebee | ||
| 942 |
_2ddc _cBK _n0 |
||
| 999 |
_c8791 _d8791 |
||